| Tag |
First Indicator |
Second Indicator |
Subfields |
| LEADER |
00000cam a22000008a 4500 |
| 001 |
in00001165613 |
| 005 |
20151001082521.0 |
| 008 |
931103s1994 nju b 001 0 eng |
| 010 |
|
|
|a 93043182
|
| 015 |
|
|
|a GB94-11757
|
| 020 |
|
|
|a 0136690114
|
| 035 |
|
|
|a (OCoLC)29356982
|
| 035 |
|
|
|9 AGF4991AM
|
| 040 |
|
|
|a DLC
|c DLC
|d UKM
|d TXA
|d UtOrBLW
|
| 049 |
|
|
|a TXAM
|
| 050 |
0 |
0 |
|a HF5415.32
|b .H68 1994
|
| 082 |
0 |
0 |
|a 658.8/342
|2 20
|
| 100 |
1 |
|
|a Howard, John A.
|
| 245 |
1 |
0 |
|a Buyer behavior in marketing strategy /
|c John A. Howard.
|
| 250 |
|
|
|a 2nd ed.
|
| 263 |
|
|
|a 9401
|
| 264 |
|
1 |
|a Englewood Cliffs, N.J. :
|b Prentice Hall,
|c [1994]
|
| 264 |
|
4 |
|c ©1994
|
| 300 |
|
|
|a xix, 603 pages
|
| 336 |
|
|
|a text
|b txt
|2 rdacontent
|
| 337 |
|
|
|a unmediated
|b n
|2 rdamedia
|
| 338 |
|
|
|a volume
|b nc
|2 rdacarrier
|
| 500 |
|
|
|a Revised edition of: Consumer behavior in marketing strategy. c1989.
|
| 504 |
|
|
|a Includes bibliographical references and index.
|
| 650 |
|
0 |
|a Consumer behavior.
|
| 650 |
|
0 |
|a Marketing
|x Management.
|
| 653 |
0 |
|
|a Consumer behaviour
|
| 700 |
1 |
|
|a Howard, John A.
|t Consumer behavior in marketing strategy.
|
| 999 |
|
|
|a MARS
|
| 999 |
f |
f |
|s 677854d0-6ca0-35e1-ad58-bbe505896678
|i 1d5f5ccd-f3a5-3438-8d02-8386b50cfbfa
|t 0
|
| 952 |
f |
f |
|p ric
|a Texas A&M University
|b Rellis Campus
|c Joint Library Facility
|d Remote Storage
|t 0
|e HF5415.32 .H68 1994
|h Library of Congress classification
|i unmediated -- volume
|m A14818153319
|
| 998 |
f |
f |
|a HF5415.32 .H68 1994
|t 0
|l Remote Storage
|